000 00171nam a2200073Ia 4500
008 170817s9999 xx 000 0 und d
100 _aBALA RAJNI
245 0 _aEDUCATIONAL TECHNOLOGY
260 _bALFA PUB.
999 _c37721
_d37721